000 00523 a2200181 4500
003 NUST
005 20221003193908.0
008 221003b ||||| |||| 00| 0 eng d
020 _a0071462899
082 _a620.136 MEH
100 _aMehta, P.Kumar
_945442
245 _aConcrete Microstructure, Properties, and Materials
_cP. Kumar Mehta, Paulo J. M. Monteiro
250 _a3rd ed.
260 _aNew York :
_bMc Graw Hill,
_c2006
300 _axxi, 658p. :
_bill. ;
_c25 cm
_eCD
650 _aConcrete
942 _2ddc
_cBK
999 _c591474
_d591474